000 00935nam a22001817a 4500
003 OSt
005 20251127103443.0
008 251127b |||||||| |||| 00| 0 eng d
040 _cDCL
082 _a၂၉၄.၃၈၂၃၅၄
130 _aတိပိဋက။
_pသုတ္တန္တပိဋက။
_pခုဒ္ဒကနိကာယ။
_tစူဠနိဒ္ဒေသ၊
_lအဋ္ဌကထာ။
245 _aစူဠနိဒ္ဒေသဋ္ဌကထာ၊ နေတ္ထိအဋ္ဌကထာ။
264 _aရန်ကုန် ၊
_bနိုင်ငံတော်ဗုဒ္ဓသာသနာအဖွဲ့၊
_c၁၉၆၈။
300 _a၃၃၂ စာမျက်နှာ ၊
_c၂၅ စင်တီ။
650 _aစူဠနိဒ္ဒေသ
_vအဋ္ဌကထာ။
650 _aနေတ္ထိ
_vအဋ္ဌကထာ။
942 _2ddc
_cSHORT TERM
_n0
999 _c2644
_d2644